Associez le personnage de Thunderbolts* à son acteur - Clic Quiz - Statistiques

Statistiques générales
  • Ce quiz a été pris 92 fois
  • Le résultat moyen est 7 sur 9
Statistiques - réponses
Hint Réponse % Correct
David Harbour Alexei Shostakov/Red Guardian
95%
Sebastian Stan Bucky Barnes/Soldat de l'hiver
95%
Florence Pugh Yelena Belova
93%
Wyatt Russell John Walker/U.S. Agent
89%
Lewis Pullman Bob/Robert Reynolds/Sentry/Void
87%
Julia Louis-Dreyfus Valentina Allegra de Fontaine
75%
Olga Kurylenko Antonia Dreykov/Taskmaster
71%
Hannah John-Kamen Ava Starr/Ghost
67%
Geraldine Viswanathan Mel Gold
51%
Aucun quiz correspondant
Distribution des résultats
% des personnes avec chaque résultat
Percentile par nombre de réponses
Votre historique - résultats
Vous n’avez pas pris ce quiz